<?xml version="1.0" encoding="UTF-8"?>
<record
    xmlns:xsi="http://www.w3.org/2001/XMLSchema-instance"
    xsi:schemaLocation="http://www.loc.gov/MARC21/slim http://www.loc.gov/standards/marcxml/schema/MARC21slim.xsd"
    xmlns="http://www.loc.gov/MARC21/slim">

  <leader>00921nam a22002537a 4500</leader>
  <controlfield tag="008">240608b        mp ||||| |||| 00| 0 mon d</controlfield>
  <datafield tag="020" ind1=" " ind2=" ">
    <subfield code="a">978-9919-517-42-7</subfield>
  </datafield>
  <datafield tag="035" ind1=" " ind2=" ">
    <subfield code="a">18478</subfield>
  </datafield>
  <datafield tag="040" ind1=" " ind2=" ">
    <subfield code="a">DU1548031</subfield>
    <subfield code="b">mon</subfield>
    <subfield code="c">MN-UlNLM</subfield>
    <subfield code="d">MN-UlNLM</subfield>
    <subfield code="e">rda</subfield>
  </datafield>
  <datafield tag="041" ind1=" " ind2=" ">
    <subfield code="a">mon</subfield>
  </datafield>
  <datafield tag="042" ind1=" " ind2=" ">
    <subfield code="a">45374</subfield>
  </datafield>
  <datafield tag="084" ind1=" " ind2=" ">
    <subfield code="2">NNA</subfield>
    <subfield code="a">87.3</subfield>
    <subfield code="b">&#x422;-594</subfield>
  </datafield>
  <datafield tag="100" ind1=" " ind2=" ">
    <subfield code="a">&#x422;&#x4E9;&#x440;&#x43C;&#x4E9;&#x43D;&#x445; &#x411;.</subfield>
  </datafield>
  <datafield tag="245" ind1=" " ind2="0">
    <subfield code="a">&#x414;.&#x41D;&#x430;&#x446;&#x430;&#x433;&#x434;&#x43E;&#x440;&#x436;</subfield>
  </datafield>
  <datafield tag="264" ind1=" " ind2=" ">
    <subfield code="a">&#x423;&#x411;</subfield>
    <subfield code="b">&#x410;&#x414;&#x41C;&#x41E;&#x41D; &#x41F;&#x420;&#x418;&#x41D;&#x422; &#x425;&#x425;&#x41A;</subfield>
    <subfield code="c">2022</subfield>
  </datafield>
  <datafield tag="300" ind1=" " ind2=" ">
    <subfield code="a">63</subfield>
  </datafield>
  <datafield tag="336" ind1=" " ind2=" ">
    <subfield code="2">rdacontent</subfield>
    <subfield code="a">text</subfield>
    <subfield code="b">txt</subfield>
  </datafield>
  <datafield tag="337" ind1=" " ind2=" ">
    <subfield code="2">rdamedia</subfield>
    <subfield code="a">unmediated</subfield>
    <subfield code="b">n</subfield>
  </datafield>
  <datafield tag="338" ind1=" " ind2=" ">
    <subfield code="2">rdacarrier</subfield>
    <subfield code="a">volume</subfield>
    <subfield code="b">nc</subfield>
  </datafield>
  <datafield tag="490" ind1=" " ind2=" ">
    <subfield code="a">&#x41C;&#x43E;&#x43D;&#x433;&#x43E;&#x43B; &#x445;&#x4AF;&#x43D;</subfield>
  </datafield>
  <datafield tag="650" ind1=" " ind2=" ">
    <subfield code="a">&#x417;&#x43E;&#x445;&#x438;&#x43E;&#x43B;&#x447; &#x414;&#x430;&#x448;&#x434;&#x43E;&#x440;&#x436;&#x438;&#x439;&#x43D; &#x41D;&#x430;&#x446;&#x430;&#x433;&#x434;&#x43E;&#x440;&#x436; &#x442;&#x4AF;&#x4AF;&#x43D;&#x438;&#x439; &#x430;&#x43C;&#x44C;&#x434;&#x440;&#x430;&#x43B;, &#x430;&#x43C;&#x44C;&#x434;&#x440;&#x430;&#x43B;&#x44B;&#x43D; &#x437;&#x430;&#x43C;&#x43D;&#x430;&#x43B;&#x44B;&#x43D; &#x442;&#x430;&#x43B;&#x430;&#x430;&#x440; &#x445;&#x44F;&#x43B;&#x431;&#x430;&#x440;&#x448;&#x443;&#x443;&#x43B;&#x441;&#x430;&#x43D; &#x437;&#x43E;&#x445;&#x438;&#x43E;&#x43B;.  &#x426;&#x430;&#x433;&#x43B;&#x430;&#x432;&#x430;&#x440; &#x445;&#x44F;&#x43B;&#x431;&#x430;&#x440;&#x448;&#x443;&#x443;&#x43B;&#x441;&#x430;&#x43D; &#x43D;&#x430;&#x43C;&#x442;&#x430;&#x440; &#x414;&#x430;&#x448;&#x434;...</subfield>
  </datafield>
  <datafield tag="942" ind1=" " ind2=" ">
    <subfield code="2">NNA</subfield>
    <subfield code="c">BK</subfield>
  </datafield>
  <datafield tag="952" ind1=" " ind2=" ">
    <subfield code="0">0</subfield>
    <subfield code="1">0</subfield>
    <subfield code="4">0</subfield>
    <subfield code="6">873_&#x422;594</subfield>
    <subfield code="7">0</subfield>
    <subfield code="8">DU1541</subfield>
    <subfield code="a">DU1548031</subfield>
    <subfield code="b">DU1548031</subfield>
    <subfield code="c">DU1541</subfield>
    <subfield code="d">2024-06-09</subfield>
    <subfield code="g">22900.00</subfield>
    <subfield code="l">0</subfield>
    <subfield code="o">87.3  &#x422;-594</subfield>
    <subfield code="p">DU15418478-3-1</subfield>
    <subfield code="r">2024-06-09</subfield>
    <subfield code="t">89296</subfield>
    <subfield code="y">BK</subfield>
  </datafield>
  <datafield tag="952" ind1=" " ind2=" ">
    <subfield code="0">0</subfield>
    <subfield code="1">0</subfield>
    <subfield code="4">0</subfield>
    <subfield code="6">873_&#x422;594</subfield>
    <subfield code="7">0</subfield>
    <subfield code="8">DU1543</subfield>
    <subfield code="a">DU1548031</subfield>
    <subfield code="b">DU1548031</subfield>
    <subfield code="c">DU1543</subfield>
    <subfield code="d">2024-06-09</subfield>
    <subfield code="g">22900.00</subfield>
    <subfield code="l">0</subfield>
    <subfield code="o">87.3  &#x422;-594</subfield>
    <subfield code="p">DU15418478-4-1</subfield>
    <subfield code="r">2024-06-09</subfield>
    <subfield code="t">89138</subfield>
    <subfield code="y">BK</subfield>
  </datafield>
  <datafield tag="999" ind1=" " ind2=" ">
    <subfield code="c">843267</subfield>
    <subfield code="d">843324</subfield>
  </datafield>
</record>
